000 00330nam a22001457a 4500
020 _a81-264-1633-5
082 _a894.812.1
_bVAI/K
100 _aVAILOPPILLY
245 _aKANNEERPPADAVUM MATTU PRADHANA KAVITHAKALUM
260 _aKOTTAYAM
_bDC BOOKS
_c2011
300 _a182
520 _aPOETRY
650 _aPOETRY
942 _cBK
999 _c4513
_d4513